Los Salmos: comentados por la Biblia
Sparad:
| Huvudupphovsman: | |
|---|---|
| Materialtyp: | Bok |
| Språk: | spanska |
| Publicerad: |
Salamanca
Sígueme
1965
|
| Serie: | Nueva Alianza, 7
|
| Ämnen: | |
| Taggar: |
Lägg till en tagg
Inga taggar, Lägg till första taggen!
|
MARC
| LEADER | 00000nam a2200000 a 4500 | ||
|---|---|---|---|
| 001 | UCY4855 | ||
| 003 | CL-VaPUC | ||
| 008 | 950403e19650000SP |||||||||||||||||spa|d | ||
| 082 | 0 | 4 | |a 223.2 |b GUI |2 21 |
| 100 | 0 | |a Guichou, Pierre |e author |9 333374 | |
| 245 | 1 | 4 | |a Los Salmos: comentados por la Biblia |
| 300 | |a 694 p | ||
| 942 | |c BK | ||
| 945 | |d 19950403 00:00:00 |a aalvarez | ||
| 260 | |a Salamanca |b Sígueme |c 1965 | ||
| 650 | 0 | |a Biblia |9 257603 | |
| 650 | 0 | |a Textos sagrados |9 257605 | |
| 650 | 0 | |a Salmos |9 319607 | |
| 583 | |a last modification |c 20170628 12:16:08 |k Rodrigo Vera | ||
| 490 | 0 | |a Nueva Alianza, 7 | |
| 999 | |c 232610 |d 232608 | ||
| 952 | |0 0 |1 0 |4 0 |6 223_200000000000000_GUI_1965 |7 0 |8 A |9 237340 |a BIBTEO |b BIBTEO |d 2019-11-15 |i 3072665 |o 223.2 GUI 1965 |p 3072665 |r 2025-01-17 |w 2019-11-15 |y BK |k ICR | ||